00477nam a2200181 a 4500001001300000003000900013005001700022008004100039020001000080082001400090245002000104260004700124300000900171500003500180505003400215650001300249710003300262nice12345678IN_TiNIC20260116012352.0050524s1982 sina grp 000 0 eng  ac10000a266bCCA3 aThere Is No End aSingapurbChristian Conference Indiac1982 a104p aincludes index and biblioraphy2 aCompiled By Dorothy M. Harvey aMissions2 aChristian Conference of Asia